000
00305nam a22001217a 4500
040
_c
HS
082
_a
382 CAR 1996 C089
100
_a
CAROL CONWAY
245
_a
The international state : Crafting a statewide trade development system
260
_a
NA
_b
CAROL CONWAY
_c
1996
300
_a
156p;
942
_c
EK
999
_c
11125
_d
11125